Théorie métamathématique des idéaux
Guardat en:
| Autor principal: | |
|---|---|
| Format: | Llibre |
| Idioma: | francès |
| Publicat: |
París
Gauthier-Villars
1955
|
| Col·lecció: | Collection de Logique Mathématique, 8
|
| Matèries: | |
| Etiquetes: |
Afegir etiqueta
Sense etiquetes, Sigues el primer a etiquetar aquest registre!
|
MARC
| LEADER | 00000nam a2200000 a 4500 | ||
|---|---|---|---|
| 001 | UCQ8704 | ||
| 003 | CL-VaPUC | ||
| 008 | 981217e19550000FR |||||||||||||||||fre|d | ||
| 082 | 0 | 4 | |a 510.1 |b ROB |2 21 |
| 100 | 0 | |a Robinson, Abraham |e author |9 422823 | |
| 245 | 1 | 0 | |a Théorie métamathématique des idéaux |
| 300 | |a 186 p | ||
| 942 | |c BK | ||
| 945 | |d 19981217 00:00:00 |a cmena | ||
| 260 | |a París |b Gauthier-Villars |c 1955 | ||
| 650 | 0 | |a Metamatemáticas |9 268160 | |
| 650 | 0 | |a Lógica matemática |9 262442 | |
| 650 | 7 | |a TEORIA LOGICA |2 CL-VaPUC |9 371154 | |
| 650 | 0 | |a Álgebra de Boole |9 270013 | |
| 650 | 0 | |a Teoría de conjuntos |9 265668 | |
| 650 | 7 | |a CALCULO DE PREDICADOS |2 CL-VaPUC |9 421888 | |
| 650 | 0 | |a Geometría |9 264063 | |
| 650 | 7 | |a TEOREMAS |2 CL-VaPUC |9 350068 | |
| 583 | |a last modification |c 19981217 00:00:00 |k Rodrigo Vera | ||
| 490 | 0 | |a Collection de Logique Mathématique, 8 | |
| 999 | |c 277889 |d 277887 | ||
| 952 | |0 0 |1 0 |4 0 |6 510_100000000000000_ROB_1955 |7 0 |8 A |9 316150 |a BIBMAT |b BIBMAT |d 2019-11-20 |i 1307827 |o 510.1 ROB 1955 |p 1307827 |r 2025-01-07 |w 2019-11-20 |y BK |k MAT | ||